| 000 | 00953nam a2200229 i 4500 | ||
|---|---|---|---|
| 001 | 153741 | ||
| 003 | ES-MaACL | ||
| 005 | 20250919135044.0 | ||
| 008 | 931025s1879 sp |||| | spa d | ||
| 110 | 1 |
_aEspaña _93622 |
|
| 240 | 1 | 0 | _aLey de aguas, 1879 |
| 245 | 1 | 0 |
_aLey de aguas de 13 de junio de 1879 / _ccon comentarios, referencias y notas críticas por D. Melchor de Palau. |
| 250 | _a2ª ed. aum. | ||
| 260 |
_aMadrid : _bLibrería de Antonio de Sanmartín ; _aBarcelona : _bTexidó y Parera, _c[1879] ( _eBarcelona : _fImp. de la Renaixensa) |
||
| 300 |
_a205 p. ; _c20 cm. |
||
| 530 | _aDisponible en formato digital. | ||
| 650 | 4 |
_aAgua- _vLegislación- _zEspaña. _99695 |
|
| 700 | 1 |
_aPalau y Catalá, Melchor de, _d1843-1910 _9130794 |
|
| 852 | 4 |
_aES-MaACL _jG-11665 _z- Enc. hol. conservando cub. original |
|
| 856 | 4 |
_uhttp://bdh-rd.bne.es/viewer.vm?id=0000137481&page=1 _zBiblioteca Digital Hispánica |
|
| 999 |
_c153741 _d153741 |
||